000
00210nam a2200097Ia 4500
005
20251222114342.0
008
251222s1900||||xx |||||||||||||| ||spa||
082
_a
DVD0120/E98/2010
245
0
_a
Carmen:
942
_c
DVD
999
_c
889
_d
889